LEADER 01381nam 2200373Ia 450 001 996389820103316 005 20221108011421.0 035 $a(CKB)4940000000095517 035 $a(EEBO)2240865608 035 $a(OCoLC)80924904 035 $a(EXLCZ)994940000000095517 100 $a20070131d1654 uy 0 101 0 $aeng 135 $aurbn||||a|bb| 200 10$aMikrokosmographa$b[electronic resource] $eA description of the little-world, or, body of man, exactly delineating all the parts according to the best anatomists. With the severall diseases thereof. Also their particular and most approved cures. /$fby R.T. doctor of physick 210 $aLondon,$cPrinted for Edward Archer ...$d1654 215 $a[14], 172 p 300 $aFirst word of the title and caption title are transliterated from the Greek. 300 $aIncludes index. 300 $aReproduction of original in the Cambridge University Library. 330 $aeebo-0021 606 $aHuman anatomy$vEarly works to 1800 606 $aBody, Human$vEarly works to 1800 606 $aDiseases$vEarly works to 1800 615 0$aHuman anatomy 615 0$aBody, Human 615 0$aDiseases 700 $aTurner$b Robert$ffl. 1654-1665.$01001757 801 0$bUMI 801 1$bUMI 906 $aBOOK 912 $a996389820103316 996 $aMikrokosmographa$92299175 997 $aUNISA LEADER 01057nam2 22002773i 450 001 TO00573373 005 20251003044406.0 100 $a20120928d1962 ||||0itac50 ba 101 | $aita 102 $ait 181 1$6z01$ai $bxxxe 182 1$6z01$an 200 0 $a1:$fIstituto di diritto commerciale comparato A. Sraffa 210 $aPadova$cCedam$d1962 215 $aXII, 396 p., 1 ritr.$d25 cm. 461 1$1001TO00573371$12001 $aˆLa ‰societa per azioni alla meta del secolo 20.$estudi in memoria di Angelo Sraffa$fIstituto di diritto commerciale comparato A. Sraffa$v1 606 $aSocietà per azioni$2FIR$3CFIC018289$9I 676 $a346.07$9DIRITTO COMMERCIALE$v21 676 $a346.07$9DIRITTO COMMERCIALE$v23 801 3$aIT$bIT-000000$c20120928 850 $aIT-BN0095 912 $aTO00573373 950 2$aBiblioteca Centralizzata di Ateneo$cv. 1$d 01D (AR) 2 278$e 01AR 0070022785 VMA (0001 v. 1$fY $h20120928$i20120928 977 $a 01 996 $a1$961339 997 $aUNISANNIO